|
|
|
|
| LEADER |
00000cam a2200000 a 4500 |
| 001 |
vtls001318009 |
| 003 |
SK-MaSNL |
| 005 |
20260301005328.0 |
| 008 |
250313s1981 xr d 000 0 cze |
| 035 |
|
|
|a SNK000270543
|
| 035 |
|
|
|a urn:nbn:sk:snk-aml0gf
|
| 035 |
|
|
|a urn:nbn:sk:snk-am008nl1
|
| 035 |
|
|
|a 81E04781-55E8-4CD1-A7DF-0AAE242D0883
|
| 040 |
|
|
|a SNK
|b slo
|c SNK
|e AACR2
|
| 041 |
0 |
|
|a cze
|
| 044 |
|
|
|a xr
|c CZ
|
| 080 |
|
|
|a 621.8(075.3)
|2 1981
|
| 100 |
1 |
|
|a Král, Štefan,
|d 1939-
|4 aut
|9 206531
|
| 245 |
1 |
0 |
|a Části a mechanismy strojů pro 3. ročník gymnázií
|b experimentální učební text volitelné skupiny odborných předmětů Základy strojírenství
|c Štefan Král, Vladimír Gottschall, Róbert Binder
|
| 250 |
|
|
|a 2. vyd.
|
| 260 |
|
|
|a Praha
|b Státní nakladatelství technické literatury
|c 1981
|
| 300 |
|
|
|a 100, [1] s.
|c 4°
|
| 650 |
0 |
7 |
|a časti strojov
|2 SNKPH
|9 3575
|
| 650 |
0 |
7 |
|a strojné mechanizmy
|2 SNKPH
|9 69322
|
| 655 |
|
7 |
|a učebnice stredných škôl
|2 SNKPH
|9 69323
|
| 700 |
1 |
|
|a Gottschall, Vladimír
|4 aut
|9 289481
|
| 700 |
1 |
|
|a Binder, Róbert,
|d 1922-
|4 aut
|9 211262
|
| 852 |
|
|
|a Slovenská národná knižnica
|
| 958 |
|
|
|a OND
|
| 999 |
|
|
|c 544849
|d 546779
|
| 952 |
|
|
|a SNK
|b SNK
|y PREZ
|7 0
|p 17A0991848
|o snkSB 32275
|i snkKIP 8687/81
|0 0
|1 0
|4 0
|d 2012-07-19
|f 1
|l 0
|r 2025-04-04 00:00:00
|w 2026-02-23
|
| 952 |
|
|
|t P60, <04>, [BOOK], {604}
|a SNK
|b SNK
|y VYP
|7 0
|p 17A0315668
|o snkSB 32275 D1
|i snkKIP 8827/81
|0 0
|1 0
|4 0
|d 1998-01-26
|l 0
|r 2005-01-02 00:00:00
|w 2026-02-23
|